| 000 | 00359nam a22001457a 4500 | ||
|---|---|---|---|
| 999 |
_c2231 _d2231 |
||
| 008 | 200218b ||||| |||| 00| 0 eng d | ||
| 082 | 0 | 0 |
_a620.1 _bC8771 |
| 100 |
_91814 _aCox, Glen N. |
||
| 245 | 1 | 0 |
_aEngineering mechanics _cby Glen N Cox |
| 260 |
_aToronto _bVan-Nostrand _c1950 |
||
| 300 | _aix,301p. | ||
| 365 | _d18.00 | ||
| 650 | 0 | _aMechanics | |
| 942 | _cBK | ||